Größte Städte an der Donau - Statistiken

Allgemein
  • Dieses Quiz wurde 62 mal gespielt
  • Das Durchschnittsergebnis liegt bei 7 aus 10
Antwortstatistiken
Hint Antwort % Korrekt
Ungarn 1.685.000 Budapest
100%
Österreich 2.028.000 Wien
100%
Serbien 1.384.000 Belgrad
96%
Slowakei 479.000 Bratislava
89%
Deutschland 171.000 Regensburg
83%
Österreich 214.000 Linz
76%
Deutschland 141.000 Ingolstadt
63%
Serbien 260.000 Novi Sad
48%
Rumänien 218.000 Galați
9%
Rumänien 155.000 Brăila
7%
Keine übereinstimmenden Quizze gefunden
Verteilung der Resultate
Anzahl Personen mit jedem Resultat
Perzentil nach korrekt beantworteten Fragen
Ihre Resultats-Entwicklung
Sie haben dieses Quiz noch nicht gespielt